Hexagon Hopping: Literature Quiz Stats

 Plays Quiz Updated Jun 6, 2019

Score 0/90 Timer 10:00
3 Plays Today
% Correct
HP - Orphaned child wizard from the books of J.K. Rowling.
100%
HP - Orphaned child wizard from the books of J.K. Rowling.
99.9%
M - 1961 Pulitzer Prize for Fiction winner by Harper Lee, To Kill a ______
98.5%
RB - Scottish poet who wrote 'Auld Lang Syne', 'To A Mouse' and 'Tam O'Shanter'.
98.5%
RB - Scottish poet who wrote 'Auld Lang Syne', 'To A Mouse' and 'Tam O'Shanter'.
98.5%
Potter
98.5%
Potter
98.5%
K - Protagonist in the Hunger Games Trilogy. _____ Everdeen
97.1%
O - Shakespeare tragedy revolving around the title character and his unfaithful ensign, Iago.
96.9%
Mockingbird
96.9%
Mockingbird
96.9%
LB - In the Percy Jackson books, Percy is in search of this item
belonging to Zeus.
96.6%
LB - In the Percy Jackson books, Percy is in search of this item
belonging to Zeus.
96.6%
Q - Spanish novel by Miguel de Cervantes, Don _____
95.3%
Othello
95.3%
Othello
95.3%
H - Character from the 'A Song of Ice and Fire' series capable
of saying only his own name.
95.3%
F - In the Divergent series, the character Four is known by
that name as he only has four…
95.1%
Katniss
94.5%
Katniss
94.5%
Quixote
94%
Quixote
94%
SK - Author whose novels have been adapted into the movies 'The Shawshank Redemption' and 'The Shining'.
91.7%
SK - Author whose novels have been adapted into the movies 'The Shawshank Redemption' and 'The Shining'.
91.7%
Y - The first name of Dr. Zhivago from the Boris Pasternak novel of the same name.
90.9%
V - The first name of Frankenstein from the Mary Shelley novel of the same name.
90.9%
G - Comedy science-fiction series by Brit Douglas Adams,
The Hitchhiker's Guide to the _____
90.8%
T - The orange and black bouncing friend of Winnie the Pooh.
90.8%
Burns
90.8%
King
90.8%
% Correct
Burns
90.8%
King
90.8%
D - In The Lord of the Rings series, the One Ring is
destroyed in the fires of Mount ____
90.8%
N - Seven-book fantasy series by
C.S. Lewis, The Chronicles of _____
90.7%
Narnia
90.5%
Narnia
90.5%
C - Satirical novel by American author Joseph Heller following
the life of Capt John Yossarian, _____ 22.
90.5%
Tigger
90.5%
Tigger
90.5%
J - Nonsense poem written by Lewis Carroll. Created the words 'galumphing' and 'chortle'.
90.1%
Galaxy
90.1%
Galaxy
90.1%
Lightning bolt
90.1%
Lightning bolt
90.1%
Catch
89.8%
Catch
89.8%
Hodor
89%
Hodor
89%
Jabberwocky
88.7%
Jabberwocky
88.7%
S - Author of 'The Catcher in the Rye', J.D. ______
88.6%
MP - Magical English nanny to the Banks family in books by P.L. Travers.
88.6%
MP - Magical English nanny to the Banks family in books by P.L. Travers.
88.6%
Victor
88.5%
Victor
88.5%
W - Owner of the Chocolate Factory visited by Charlie in the 1964 Roald Dahl novel.
88.4%
E - The first name of Scrooge from Charles Dickens' 'A Christmas Carol'.
88.3%
Poppins
88.3%
Poppins
88.3%
KV - American writer responsible for 'Cat's Cradle' and
'Slaughterhouse-Five'.
88.3%
% Correct
KV - American writer responsible for 'Cat's Cradle' and
'Slaughterhouse-Five'.
88.3%
Fears
88.3%
Fears
88.3%
Doom
88.2%
Doom
88.2%
Salinger
88.2%
Salinger
88.2%
Yuri
88.1%
Yuri
88.1%
Ebenezer
87.9%
Ebenezer
87.9%
Vonnegut
87.7%
Vonnegut
87.7%
Wonka
87.6%
Wonka
87.6%
Wonka
87.6%
Wonka
87.6%
Wonka
87.6%
Wonka
87.6%
Wonka
87.6%
Wonka
87.6%
Wonka
87.6%
Wonka
87.6%
Wonka
87.6%
Wonka
87.6%
Wonka
87.6%
Wonka
87.6%
Wonka
87.6%
Wonka
87.6%
Wonka
87.6%

You're not logged in!

Compare scores with friends on all Sporcle quizzes.
OR
Log In

Sporcle TV

Today on Sporcle TV


Watch our educational content, quiz creation guides, and fun videos on Sporcle TV.

Show Comments

Extras

Top Quizzes Today


Score Distribution

Your Account Isn't Verified!

In order to create a playlist on Sporcle, you need to verify the email address you used during registration. Go to your Sporcle Settings to finish the process.

Report this User

Report this user for behavior that violates our Community Guidelines.

Details: